[Event "33rd ECCC Open 2017"]
[Site "Antalya"]
[Date "2017.10.11"]
[Round "4"]
[White "Sylvan, Jacob"]
[Black "Ererdem, Gani Eren"]
[Result "1/2-1/2"]
[WhiteElo "2363"]
[BlackElo "2136"]
[Annotator "NA"]
[PlyCount "61"]
[EventType "team-tourn"]
[EventCountry "TUR"]
[SourceTitle "playchess.com"]
[Source "ChessBase"]
[SourceQuality "1"]
[WhiteTeam "Nordkalotten"]
[BlackTeam "Karaman"]
[TimeControl "40/5400+30:1800+30"]

1. e4 {[%emt 0:00:30]} e5 {[%emt 0:01:00]} 2. Nf3 {[%emt 0:00:00]} Nc6 {[%emt 0:00:30]} 3. Bb5 {[%emt 0:00:00]} a6 {[%emt 0:00:00]} 4. Ba4 {[%emt 0:00:30]} Nf6 {[%emt 0:00:00]} 5. O-O {[%emt 0:00:30]} Be7 {[%emt 0:00:00]} 6. Re1 {[%emt 0:00:00]} b5 {[%emt 0:00:00]} 7. Bb3 {[%emt 0:00:00]} O-O {[%emt 0:00:00]} 8. h3 {[%emt 0:08:30]} d6 {[%emt 0:00:00]} 9. c3 {[%emt 0:00:30]} Nb8 {[%emt 0:00:30]} 10. d4 {[%emt 0:00:00]} Nbd7 {[%emt 0:00:30]} 11. Nbd2 {[%emt 0:00:00]} Bb7 {[%emt 0:00:00]} 12. Bc2 {[%emt 0:00:30]} Re8 {[%emt 0:00:00]} 13. Nf1 {[%emt 0:00:30]} Bf8 {[%emt 0:00:00]} 14. Ng3 {[%emt 0:00:30]} g6 {[%emt 0:00:00]} 15. a4 {[%emt 0:00:30]} Nb6 {[%emt 0:00:00] C95: Closed Ruy Lopez: Breyer Variation with 10 d4} 16. a5 {[%emt 0:08:30]} Nbd7 {[%emt 0:00:00]} 17. b4 {[%emt 0:00:00]} Bg7 {[%emt 0:00:30] [#]} 18. Bb2 $146 {[%emt 0:00:00]} ({Predecessor:} 18. d5 Qb8 19. Bb3 Nf8 20. Ra2 c6 21. dxc6 Bxc6 22. Rd2 Rd8 23. Rd3 {1-0 (37) Caruana,F (2801)-Roiz,M (2579) Bilbao 2014}) 18... d5 {[%emt 0:01:30]} 19. dxe5 {[%emt 0:18:30]} Nxe4 {[%emt 0:00:30]} 20. Nxe4 {[%emt 0:00:30]} dxe4 {[%emt 0:00:30]} 21. Bxe4 {[%emt 0:00:30]} Bxe4 {[%emt 0:00:30]} 22. Rxe4 {[%emt 0:00:00]} Nxe5 {[%emt 0:00:00]} 23. Nxe5 {[%emt 0:00:00]} Qxd1+ {[%emt 0:04:00]} 24. Rxd1 {[%emt 0:00:30]} Rxe5 {[%emt 0:00:00]} 25. Rxe5 {[%emt 0:01:30]} Bxe5 {[%emt 0:00:00]} 26. Rd3 {[%emt 0:00:30]} Bd6 {[%emt 0:00:30]} 27. Bc1 {[%emt 0:00:30]} f6 {[%emt 0:00:30]} 28. Kf1 {[%emt 0:11:30]} Kf7 {[%emt 0:33:30]} 29. Ke2 {[%emt 0:02:30]} Rd8 {[%emt 0:01:30]} 30. Be3 {[%emt 0:02:30]} Be7 {[%emt 0:12:30]} 31. Rxd8 $11 {[%emt 0:01:30]} 1/2-1/2

[Event "33rd ECCC Open 2017"]
[Site "Antalya"]
[Date "2017.10.11"]
[Round "4"]
[White "Atakisi, Umut"]
[Black "David, Alberto"]
[Result "0-1"]
[WhiteElo "2361"]
[BlackElo "2569"]
[Annotator "TA"]
[PlyCount "66"]
[EventType "team-tourn"]
[EventCountry "TUR"]
[SourceTitle "playchess.com"]
[Source "ChessBase"]
[SourceQuality "1"]
[WhiteTeam "Besiktas"]
[BlackTeam "Padova"]

{[%evp 14,66,39,46,45,37,103,53,72,56,50,0,0,-8,-16,-7,-16,-72,-81,-137,-110,-112,-120,-114,-125,-103,-89,-137,-152,-145,-131,-137,-120,-140,-133,-136,-156,-150,-134,-414,-409,-389,-404,-367,-367,-411,-332,-309,-287,-287,-270,-316,-311,-361,-323]} 1. Nf3 d5 2. g3 Nf6 3. Bg2 g6 4. d4 Bg7 5. c4 e6 6. O-O O-O 7. Qc2 Nc6 {D77: Grünfeldindisch (Fianchetto 6.0-0 nicht 6..c6)} 8. Rd1 {LiveBook: 25 Partien} Ne4 (8... a5 9. a3 Ne7 10. Nc3 b6 11. Bf4 Bb7 12. cxd5 exd5 13. Rac1 Ne8 14. b4 axb4 15. axb4 {1-0 (30) Matlakov,M (2691)-Lu,S (2595) Ningbo 2015}) 9. Nc3 f5 (9... Nb4 $14 10. Qb1 Nd6) 10. cxd5 exd5 11. Qb3 Kh8 $146 ({Vorgänger:} 11... Ne7 12. Bf4 c6 13. Be5 Kh8 14. e3 {½-½ (93) Arkell,K (2460)-Coleman,D (2240) Eastbourne 1990}) 12. Bf4 g5 13. Be5 Nxe5 14. Nxe5 c6 15. f3 (15. e3 $11) 15... Nc5 $17 16. dxc5 (16. Qa3 $142 Nd7 17. f4) 16... Bxe5 17. e4 fxe4 18. fxe4 d4 19. Ne2 Bg4 20. Rd2 Qa5 $36 {[%mdl 2048] Schwarz bestimmt, wo es lang geht.} ({Jedoch nicht} 20... Qf6 21. Nc1 $15) 21. Qc2 {[#]} d3 $1 {[%mdl 512]} 22. Rxd3 {[#]} (22. Qxd3 Rad8) 22... Rad8 $1 {[%cal Rd8d3] Droht stark ...Txd3.} 23. h3 Rxd3 24. Qxd3 Qxc5+ 25. Kh2 Be6 26. Nc3 $2 {[%mdl 8192]} (26. Rc1 $17 Qb6 27. b3) 26... Bc4 $19 ({Schwächer ist} 26... Qf2 27. Rf1 $17) 27. Qd2 {[#]} Bxg3+ $1 {[%mdl 512]} 28. Kh1 (28. Kxg3 Qe5+) 28... Bc7 29. Rd1 Qe5 {[%csl Gc7][%cal Re5h2]} 30. Qd4 Qxd4 31. Rxd4 Be6 32. Rb4 Bc8 33. Kg1 Rd8 {Precision: Weiß = 47%, Schwarz = 72%.} 0-1

[Event "33rd ECCC Open 2017"]
[Site "Antalya"]
[Date "2017.10.11"]
[Round "4"]
[White "Van de Griendt, Jan Willem"]
[Black "Johannesson, Oliver"]
[Result "1/2-1/2"]
[WhiteElo "2354"]
[BlackElo "2273"]
[Annotator "NA"]
[PlyCount "73"]
[EventType "team-tourn"]
[EventCountry "TUR"]
[SourceTitle "playchess.com"]
[Source "ChessBase"]
[SourceQuality "1"]
[WhiteTeam "White Rose"]
[BlackTeam "Fjolnir"]
[TimeControl "40/5400+30:1800+30"]

1. d4 {[%emt 0:00:30]} Nf6 {[%emt 0:01:00]} 2. c4 {[%emt 0:00:30]} e6 {[%emt 0:00:30]} 3. Nf3 {[%emt 0:00:00]} d5 {[%emt 0:00:30]} 4. g3 {[%emt 0:00:00]} Be7 {[%emt 0:00:30]} 5. Bg2 {[%emt 0:00:30]} O-O {[%emt 0:00:00]} 6. O-O {[%emt 0:00:00]} c6 {[%emt 0:00:00]} 7. Qc2 {[%emt 0:00:00]} Nbd7 {[%emt 0:00:00]} 8. Nbd2 {[%emt 0:00:00]} b6 {[%emt 0:00:00]} 9. e4 {[%emt 0:00:00]} dxc4 {[%emt 0:00:30]} 10. Nxc4 {[%emt 0:18:30]} Bb7 {[%emt 0:00:00]} 11. Rd1 {[%emt 0:06:30]} c5 {[%emt 0:01:00]} 12. e5 {[%emt 0:15:30] E09: Closed Catalan: Main Line: 7 Qc2 c6 8 Nbd2} Nd5 {[%emt 0:00:30]} 13. b3 $146 {[%emt 0:09:30]} ({Predecessor:} 13. dxc5 Nxc5 14. Rd4 b5 15. Ne3 Nd7 16. Qe2 Qb6 17. Rg4 f5 18. exf6 N7xf6 19. Nxd5 Bxd5 20. Be3 Qb7 21. Rd4 Rae8 22. Ne1 {½-½ (22) Zeng,C (2522)-Xu,Y (2454) Zhongshan 2015}) 13... Rc8 {[%emt 0:02:30]} 14. Qb2 {[%emt 0:01:30]} b5 {[%emt 0:10:30]} 15. Ne3 {[%emt 0:09:30]} Qb6 {[%emt 0:08:30]} 16. dxc5 {[%emt 0:08:30]} Bxc5 {[%emt 0:04:30]} 17. Nxd5 {[%emt 0:02:30]} Bxd5 {[%emt 0:01:30]} 18. b4 {[%emt 0:00:00]} Be7 {[%emt 0:00:30]} 19. Ne1 $15 {[%emt 0:01:00]} Bc6 {[%emt 0:10:30]} 20. Be3 {[%emt 0:09:36]} Qb7 {[%emt 0:02:30]} 21. Bxc6 {[%emt 0:06:30]} Rxc6 {[%emt 0:00:30]} 22. Rac1 {[%emt 0:02:55]} Rxc1 {[%emt 0:13:30]} 23. Rxc1 {[%emt 0:00:02]} Qd5 {[%emt 0:00:30]} 24. Bd4 {[%emt 0:04:53]} Rd8 {[%emt 0:09:30]} 25. Rc7 {[%emt 0:00:02]} Bf8 {[%emt 0:00:30]} 26. Nc2 {[%emt 0:01:37]} Qe4 {[%emt 0:02:30]} 27. Ne3 {[%emt 0:01:25]} Nb8 {[%emt 0:01:30]} 28. Bc3 {[%emt 0:01:26]} Nc6 {[%emt 0:02:30]} 29. Qc2 {[%emt 0:00:39]} Qf3 {[%emt 0:00:30]} 30. a3 {[%emt 0:00:02]} g6 {[%emt 0:11:54]} 31. Bb2 {[%emt 0:00:26]} Ne7 {[%emt 0:00:24]} 32. Rc3 {[%emt 0:00:29]} a6 {[%emt 0:10:37]} 33. Nf1 {[%emt 0:00:16]} Qd5 {[%emt 0:00:07]} 34. Ne3 {[%emt 0:01:13]} Qf3 {[%emt 0:01:33]} 35. Nf1 {[%emt 0:00:09]} Qd5 {[%emt 0:05:33]} 36. Ne3 {[%emt 0:00:02]} Qf3 {[%emt 0:00:30]} 37. Nf1 {[%emt 0:00:04]} 1/2-1/2

[Event "33rd ECCC Open 2017"]
[Site "Antalya"]
[Date "2017.10.11"]
[Round "4"]
[White "Wiersma, Eelke"]
[Black "Abasov, Nijat"]
[Result "0-1"]
[WhiteElo "2341"]
[BlackElo "2587"]
[Annotator "TA"]
[PlyCount "56"]
[EventType "team-tourn"]
[EventCountry "TUR"]
[SourceTitle "playchess.com"]
[Source "ChessBase"]
[SourceQuality "1"]
[WhiteTeam "Leiden"]
[BlackTeam "Odlar Yurdu"]

{[%evp 14,56,0,0,0,0,0,0,6,-75,-69,-70,52,0,23,-150,-139,-171,-175,-156,-108,-134,-154,-255,-92,-177,-169,-528,-489,-889,-886,-871,-854,-981,-973,-865,-687,-1326,-1325,-1307,-380,-1266,-1230,-29987,-29988]} 1. d4 {[%cal Bd2d4,Bd4d5][%mdl 32]} Nf6 2. c4 e6 3. Nc3 Bb4 4. f3 c5 5. d5 b5 6. e4 {E20: Nimzoindisch (Seltene Züge)} O-O 7. Bg5 (7. e5 Ne8 8. f4 d6 9. Nf3 exd5 10. cxd5 Nc7 11. a4 Bb7 12. Bd3 h6 13. O-O Bxc3 14. bxc3 dxe5 15. axb5 {1-0 (32) Mamedyarov,S (2766)-Hou,Y (2651) Sharjah 2017}) 7... h6 8. Bh4 {LiveBook: 12 Partien. Die Stellung ist ausgeglichen.} d6 {[%cal Bd7d6,Bd6d5,Bd5e4][%mdl 32]} 9. dxe6 $146 ({Vorgänger:} 9. a4 bxa4 10. Rxa4 Re8 11. Nge2 Ba6 12. dxe6 Bxc4 13. Nf4 Bxe6 14. Nxe6 fxe6 {1-0 (48) Volkov,S (2599)-Smirnov,P (2585) Rostov on Don 2014}) 9... Bxe6 10. cxb5 Re8 11. a3 (11. Nge2 $11 {bleibt in der Remisbreite.}) 11... Bxc3+ $1 $17 12. bxc3 g5 (12... Nbd7 $15 13. Bd3 Ne5) 13. Bf2 $1 $14 d5 14. Bxc5 $2 (14. e5 $11 Nfd7 15. Be2) 14... Nbd7 $36 {[%cal Bb8d7,Bd7c5,Bc5b3,Bb3d2,Bd2f3][%mdl 2080] Weiss steht unter starkem Druck.} 15. Bd4 dxe4 16. Kf2 Qc7 {[%mdl 1024] Schwarz hat starke Kompensation.} 17. Ne2 Rad8 18. h4 {[#]} (18. Ng3 $17) 18... g4 $2 (18... exf3 $1 $19 19. gxf3 g4) 19. f4 (19. fxg4 $17 {war einen Versuch wert.} Nxg4+ 20. Kg1) 19... Nc5 $19 20. g3 $2 (20. Kg1 {leistet mehr Widerstand.}) 20... Nb3 21. Rb1 {[#]} (21. Kg1 $142 e3 22. Rb1) 21... e3+ $1 {[%mdl 512]} 22. Kg1 (22. Bxe3 Rxd1) 22... Nd2 23. Rh2 Nf3+ 24. Kh1 Ne4 25. Qc1 Bc4 26. Rg2 Nf2+ 27. Rxf2 exf2 28. Qb2 Qb7 {Precision: Weiß = 34%, Schwarz = 58%.} 0-1

[Event "33rd ECCC Open 2017"]
[Site "Antalya"]
[Date "2017.10.11"]
[Round "4"]
[White "Makolli, Perparim"]
[Black "Longson, Alexander"]
[Result "1-0"]
[WhiteElo "2333"]
[BlackElo "2317"]
[Annotator "NA"]
[PlyCount "73"]
[EventType "team-tourn"]
[EventCountry "TUR"]
[SourceTitle "playchess.com"]
[Source "ChessBase"]
[SourceQuality "1"]
[WhiteTeam "Hasan Pristina"]
[BlackTeam "3CS Oldham"]
[TimeControl "40/5400+30:1800+30"]

1. e4 {[%emt 0:00:30]} e5 {[%emt 0:01:00]} 2. Nf3 {[%emt 0:00:30]} Nc6 {[%emt 0:00:00]} 3. Bc4 {[%emt 0:00:30]} Nf6 {[%emt 0:00:00]} 4. d3 {[%emt 0:00:30]} Be7 {[%emt 0:00:00]} 5. O-O {[%emt 0:01:30]} O-O {[%emt 0:00:00]} 6. c3 {[%emt 0:00:30]} d6 {[%emt 0:00:30]} 7. Re1 {[%emt 0:00:30]} Na5 {[%emt 0:01:30]} 8. Bb5 {[%emt 0:01:30]} a6 {[%emt 0:00:30]} 9. Ba4 {[%emt 0:00:30]} b5 {[%emt 0:00:00]} 10. Bc2 {[%emt 0:00:30]} c5 {[%emt 0:00:00]} 11. Nbd2 {[%emt 0:01:30]} Nc6 {[%emt 0:00:30]} 12. Nf1 {[%emt 0:00:30]} Re8 {[%emt 0:00:30]} 13. d4 {[%emt 0:02:30] C90: Closed Ruy Lopez with 7...d6: Early deviations} cxd4 {[%emt 0:07:30]} 14. cxd4 {[%emt 0:03:30]} Bg4 {[%emt 0:00:00]} 15. dxe5 {[%emt 0:01:30] [#]} dxe5 $146 {[%emt 0:07:00]} ({Predecessor:} 15... Nxe5 16. Ne3 Bh5 17. h3 Rc8 {0-1 (24) Samhouri,A (2372)-Polgar,J (2682) Khanty-Mansiysk 2010}) 16. Be3 {[%emt 0:06:30]} Qc7 {[%emt 0:20:30]} 17. Qb1 {[%emt 0:19:30] [#]} (17. h3 $11 {remains equal.} Red8 18. Qe2 Bxf3 19. Qxf3) 17... Bxf3 $1 {[%emt 0:10:30]} 18. gxf3 {[%emt 0:00:00]} Nh5 {[%emt 0:00:30]} 19. Bb3 {[%emt 0:15:00]} Nd4 {[%emt 0:03:30]} 20. Bxd4 {[%emt 0:04:30]} exd4 {[%emt 0:00:30]} 21. Ng3 $17 {[%emt 0:05:30]} Nf4 {[%emt 0:02:30]} 22. e5 {[%emt 0:05:30]} d3 {[%emt 0:15:30]} 23. Re4 {[%emt 0:06:30]} Nh3+ {[%emt 0:04:30]} 24. Kg2 {[%emt 0:00:30]} Ng5 {[%emt 0:00:00]} 25. Rd4 {[%emt 0:03:16]} Bc5 {[%emt 0:10:54]} 26. Rg4 {[%emt 0:06:50]} Qxe5 {[%emt 0:01:14]} 27. f4 {[%emt 0:04:25]} Qd4 {[%emt 0:00:33]} 28. Rxg5 {[%emt 0:00:17]} Qxf2+ {[%emt 0:00:20]} 29. Kh3 {[%emt 0:01:07]} Rad8 {[%emt 0:06:01]} 30. Qf1 {[%emt 0:03:26]} Qxb2 {[%emt 0:03:57]} 31. Rxc5 {[%emt 0:02:13]} d2 {[%emt 0:02:47]} 32. Rd1 {[%emt 0:01:46]} Qd4 {[%emt 0:02:12]} 33. Rf5 {[%emt 0:00:50]} Kh8 {[%emt 0:00:23]} 34. Qf3 {[%emt 0:00:52]} Re3 {[%emt 0:00:46]} 35. Qg4 {[%emt 0:00:26]} a5 {[%emt 0:01:11]} 36. Rxf7 {[%emt 0:00:23]} a4 {[%emt 0:00:13]} 37. Rxd2 {[%emt 0:00:26]} 1-0

[Event "33rd ECCC Open 2017"]
[Site "Antalya"]
[Date "2017.10.11"]
[Round "4"]
[White "Rogule, Laura"]
[Black "Lupulescu, Constantin"]
[Result "1/2-1/2"]
[WhiteElo "2325"]
[BlackElo "2620"]
[Annotator "TA"]
[PlyCount "115"]
[EventType "team-tourn"]
[EventCountry "TUR"]
[SourceTitle "playchess.com"]
[Source "ChessBase"]
[SourceQuality "1"]
[WhiteTeam "Riga"]
[BlackTeam "Baia Mare"]

{[%evp 16,115,10,4,18,16,25,19,24,0,17,20,22,26,22,8,13,12,17,2,10,0,0,0,34,35,43,33,36,45,32,27,31,23,25,24,26,16,37,19,25,0,7,-10,-16,-4,-3,-7,16,-2,-17,-20,-12,-83,-81,-79,0,0,0,0,0,0,0,0,37,0,21,12,35,0,0,0,65,60,59,58,61,51,58,48,71,67,75,46,75,70,70,47,83,40,57,55,61,46,48,30,41,0,49,0,37,0]} 1. e4 c6 2. d4 d5 3. exd5 cxd5 4. Bd3 Nc6 5. c3 Qc7 6. Ne2 Bg4 7. Na3 {B13: Caro-Kann: Exchange Variation and Panov-Botvinnik Attack} e6 8. Qb3 Bxe2 9. Bxe2 {LiveBook: 3 Games. The position is equal.} Rc8 10. g3 $146 ({Predecessor:} 10. O-O a6 11. f4 Bd6 12. Qd1 Bxa3 13. bxa3 Nge7 14. Bd3 O-O {½-½ (23) Petrosian,S (2384)-Lupulescu,C (2613) Germany 2012}) 10... a6 11. Bf4 Qd7 12. O-O Nf6 13. Nb1 {[%cal Ba3b1,Bb1d2,Bd2f3,Bf3e5][%mdl 32]} Na5 14. Qd1 Nc4 15. b3 Nd6 16. Qd3 Be7 17. Rc1 O-O 18. Nd2 Rfd8 19. Nf3 b5 20. a4 Nfe4 21. Ne5 Qb7 22. f3 Nf6 23. axb5 axb5 24. Qd2 Ra8 25. Nd3 Nd7 26. g4 Qb6 27. Be3 Nb7 28. Ra2 Na5 29. Bd1 Nc6 30. b4 Rxa2 31. Qxa2 e5 {[%cal Re5d4]} 32. Qxd5 {[#] Bb3 is the strong threat.} Nf6 33. Qa2 exd4 34. cxd4 (34. Bf2 $1 $11) 34... Nd5 $17 ({Don't play} 34... Nxd4 $6 35. Qf2 $14) 35. Bf2 Ncxb4 ({Black should play} 35... Nxd4 $17 36. Qb2 Bf6) 36. Nxb4 $11 Nxb4 37. Qe2 Nd5 38. Bb3 Ba3 {[#] Strongly threatening ...Nf4.} 39. Ra1 Bf8 (39... Nf4 $5 {[%cal Rf4e2]} 40. Bxf7+ Kxf7 41. Qa2+ Rd5 42. Qxa3 Nh3+ 43. Kg2 Nxf2 $11) 40. Qe5 (40. Bxd5 $5 Rxd5 41. Ra8 $14) 40... Qb7 41. Bh4 Rd7 42. Qe8 Nb6 43. d5 $36 {[%mdl 2048] Black is under pressure.} Qc8 (43... Qc7 $11) 44. Qxc8 $14 Nxc8 45. Ra8 Nd6 46. Bg3 f6 47. Rb8 (47. Kf2 {seems wilder.} g6 48. Ke3 Kg7 49. Kd4 Nb7 50. Rc8) 47... Kf7 48. Kf2 g6 49. h3 Be7 50. Ke2 Bd8 51. Kd3 Bc7 52. Ra8 Bb6 53. Ra6 Bc5 54. Rc6 Bb4 55. Rb6 Bc5 56. Rc6 Bb4 57. Rb6 Bc5 58. Rc6 {Precision: White = 52%, Black = 60%.} 1/2-1/2

[Event "33rd ECCC Open 2017"]
[Site "Antalya"]
[Date "2017.10.11"]
[Round "4"]
[White "Kvisvik, Brede"]
[Black "Salihu, Sami"]
[Result "1-0"]
[WhiteElo "2296"]
[BlackElo "2187"]
[Annotator "NA"]
[PlyCount "147"]
[EventType "team-tourn"]
[EventCountry "TUR"]
[SourceTitle "playchess.com"]
[Source "ChessBase"]
[SourceQuality "1"]
[WhiteTeam "Valerenga"]
[BlackTeam "Dardania"]
[TimeControl "40/5400+30:1800+30"]

1. Nf3 {[%emt 0:00:30]} Nf6 {[%emt 0:01:00]} 2. d4 {[%emt 0:00:30]} e6 {[%emt 0:00:30]} 3. g3 {[%emt 0:00:00]} b6 {[%emt 0:00:30]} 4. Bg2 {[%emt 0:00:00]} Bb7 {[%emt 0:00:30]} 5. O-O {[%emt 0:00:30]} c5 {[%emt 0:00:30]} 6. c4 {[%emt 0:00:30]} cxd4 {[%emt 0:00:00]} 7. Qxd4 {[%emt 0:06:30]} Nc6 {[%emt 0:00:00] A30: Symmetrical English: Double Fianchetto and Hedgehog} 8. Qe3 $146 {[%emt 0:04:30]} ({Predecessor:} 8. Qf4 Ne7 9. b3 Ng6 10. Qd2 Be7 11. Bb2 O-O 12. Nc3 Qb8 13. Rfd1 Rd8 14. Qc2 d5 15. cxd5 Nxd5 16. Nxd5 Rxd5 17. Rxd5 Bxd5 {½-½ (29) Radjabov,T (2733)-Bruzon Batista,L (2698) Tromsoe 2013}) 8... Bc5 {[%emt 0:00:30]} 9. Qg5 {[%emt 0:00:00]} O-O {[%emt 0:00:30]} 10. Nc3 {[%emt 0:00:00]} Nd4 {[%emt 0:01:30]} 11. Nxd4 {[%emt 0:01:30]} Bxg2 {[%emt 0:00:00]} 12. Nxe6 {[%emt 0:01:30]} fxe6 {[%emt 0:02:00]} 13. Kxg2 {[%emt 0:00:30]} h6 {[%emt 0:00:30]} 14. Qg6 {[%emt 0:01:30]} Kh8 {[%emt 0:01:30]} 15. Bf4 {[%emt 0:04:30]} Bd4 {[%emt 0:01:30]} 16. Bd6 {[%emt 0:01:30]} Rg8 {[%emt 0:01:30]} 17. Nb5 {[%emt 0:00:30]} Ne8 {[%emt 0:00:30]} 18. Ba3 {[%emt 0:07:30]} Be5 {[%emt 0:01:30]} 19. Rad1 {[%emt 0:01:30]} a6 {[%emt 0:00:30]} 20. Nd4 {[%emt 0:00:30]} Qc7 {[%emt 0:00:00]} 21. Nf3 {[%emt 0:01:30]} Bf6 {[%emt 0:00:00]} 22. e4 {[%emt 0:13:30]} d6 {[%emt 0:00:30]} 23. b3 {[%emt 0:08:30]} Ra7 {[%emt 0:01:30]} 24. Rd3 {[%emt 0:00:30]} b5 {[%emt 0:00:30]} 25. Rc1 {[%emt 0:00:30]} bxc4 {[%emt 0:06:30]} 26. Rxc4 {[%emt 0:00:30]} Qa5 {[%emt 0:01:30]} 27. Bxd6 {[%emt 0:01:30]} Nxd6 {[%emt 0:01:30]} 28. Rxd6 {[%emt 0:00:00]} Qxa2 {[%emt 0:00:30]} (28... Rf8 $142 29. Rxe6 Raf7) 29. e5 {[%emt 0:03:00]} Be7 {[%emt 0:03:30]} 30. Rxe6 {[%emt 0:00:30]} Rf8 {[%emt 0:02:30]} 31. Qc2 {[%emt 0:05:30]} Qxc2 {[%emt 0:00:30]} 32. Rxc2 {[%emt 0:00:30]} Rb8 {[%emt 0:00:30]} 33. Nd4 {[%emt 0:00:00]} Rd7 {[%emt 0:05:30]} 34. Nc6 {[%emt 0:01:00]} Rc8 {[%emt 0:00:00]} 35. Ra2 {[%emt 0:01:30]} Bc5 {[%emt 0:00:00]} 36. b4 $18 {[%emt 0:00:30]} Bf8 {[%emt 0:00:30]} 37. Rxa6 {[%emt 0:00:30]} Rb7 {[%emt 0:00:30]} 38. b5 {[%emt 0:07:30]} Bc5 {[%emt 0:00:30]} 39. b6 {[%emt 0:00:30]} Rf8 {[%emt 0:01:30]} 40. f4 {[%emt 0:00:00]} Rxb6 {[%emt 0:01:30]} 41. Rxb6 {[%emt 0:03:00]} Bxb6 {[%emt 0:00:30]} 42. Ne7 {[%emt 0:01:30]} Rb8 {[%emt 0:00:00]} 43. f5 {[%emt 0:01:30]} Bc5 {[%emt 0:01:00]} 44. Kh3 {[%emt 0:02:30]} Bxe7 {[%emt 0:05:30]} 45. Rxe7 {[%emt 0:00:00]} Rb2 {[%emt 0:00:30]} 46. Re8+ {[%emt 0:01:00]} Kh7 {[%emt 0:00:30]} 47. e6 {[%emt 0:00:30]} Re2 {[%emt 0:02:30]} 48. g4 {[%emt 0:00:30]} Re3+ {[%emt 0:01:30]} 49. Kg2 {[%emt 0:00:30]} Re5 {[%emt 0:00:30]} 50. e7 {[%emt 0:00:30]} Re4 {[%emt 0:01:30]} 51. Kf3 {[%emt 0:00:30]} Re5 {[%emt 0:00:00]} 52. h4 {[%emt 0:00:30]} h5 {[%emt 0:02:00]} 53. Kf4 {[%emt 0:01:30]} Re1 {[%emt 0:00:30]} 54. gxh5 {[%emt 0:00:00]} Re2 {[%emt 0:01:30]} 55. h6 {[%emt 0:01:00]} Re1 {[%emt 0:00:00]} 56. hxg7 {[%emt 0:00:30]} Kxg7 {[%emt 0:00:00]} 57. Ra8 {[%emt 0:04:30]} Rxe7 {[%emt 0:00:30]} 58. Kg5 {[%emt 0:00:00]} Re1 {[%emt 0:03:30]} 59. Ra7+ {[%emt 0:00:00]} Kg8 {[%emt 0:00:00]} 60. Kf6 {[%emt 0:01:30]} Rh1 {[%emt 0:00:00]} 61. Ra8+ {[%emt 0:00:30]} Kh7 {[%emt 0:00:00]} 62. Ra4 {[%emt 0:01:30]} Kg8 {[%emt 0:00:00]} 63. Rg4+ {[%emt 0:00:00]} Kh7 {[%emt 0:01:30]} 64. Kf7 {[%emt 0:01:00]} Ra1 {[%emt 0:00:00]} 65. Re4 {[%emt 0:03:30]} Ra7+ {[%emt 0:00:00]} 66. Re7 {[%emt 0:00:30]} Ra4 {[%emt 0:00:30]} 67. Kf8+ {[%emt 0:03:30]} Kh6 {[%emt 0:01:30]} 68. Re6+ {[%emt 0:00:30]} Kh7 {[%emt 0:02:30]} 69. f6 {[%emt 0:00:30]} Rxh4 {[%emt 0:00:30]} 70. f7 {[%emt 0:01:30]} Ra4 {[%emt 0:00:30]} 71. Ke7 {[%emt 0:00:30]} Ra7+ {[%emt 0:01:30]} 72. Kf6 {[%emt 0:00:30]} Ra8 {[%emt 0:01:30]} 73. Re8 {[%emt 0:00:30]} Ra6+ {[%emt 0:00:30]} 74. Ke5 {[%emt 0:00:30]} 1-0

[Event "33rd ECCC Open 2017"]
[Site "Antalya"]
[Date "2017.10.13"]
[Round "4"]
[White "Burcu, Cagatay"]
[Black "Dvirnyy, Danyyil"]
[Result "1/2-1/2"]
[WhiteElo "2283"]
[BlackElo "2542"]
[Annotator "TA"]
[PlyCount "102"]
[EventType "team-tourn"]
[EventCountry "TUR"]
[SourceTitle "playchess.com"]
[Source "ChessBase"]
[SourceQuality "1"]
[WhiteTeam "Besiktas"]
[BlackTeam "Padova"]

{[%evp 31,102,18,17,-23,-19,-21,-20,-12,-9,-27,0,0,18,12,22,0,4,0,0,-10,-10,-10,-10,-20,-31,-87,-80,-80,-102,-112,-63,-55,-19,-36,-23,-25,-47,-25,37,0,104,0,0,-57,-50,-84,-68,-76,-24,-34,-18,-25,-21,-25,-29,-29,-33,-41,0,0,0,0,0,0,0,0,0,0,0,0,0,0,0]} 1. d4 Nf6 2. Nf3 g6 3. c4 Bg7 4. g3 d5 5. cxd5 Nxd5 6. Bg2 Nb6 7. O-O Nc6 8. e3 O-O 9. Nc3 e5 10. d5 Na5 11. e4 c6 12. Bg5 f6 13. Be3 cxd5 14. Bxb6 Qxb6 15. Nxd5 Qd8 16. Rc1 Nc6 17. Qb3 {Hoping for Nc7+. D76: Fianchetto Grünfeld: Main Line with 7...Nb6} Rf7 18. Rfd1 Be6 19. Qa4 (19. h4 Rc8 20. Kh2 Kh8 21. Bh3 Bxh3 22. Kxh3 Qe8 23. Kg2 Rd8 24. Qc4 Rfd7 {1-0 (39) Swiercz,D (2655)-Valsecchi,A (2492) Civitanova Marche 2016}) 19... Rd7 20. Bf1 a6 21. Ne3 $146 ({Predecessor:} 21. Qa3 Bh6 22. Rc3 Kh8 23. Rcd3 Bf8 24. Qc3 Rc8 {½-½ (37) Weber,M (2148)-Schulenburg,T (2104) Hannover 2012}) 21... b5 22. Rxd7 Bxd7 23. Qb3+ Kh8 24. Rd1 Qe8 25. a4 bxa4 26. Qb7 Ra7 27. Qb6 Qb8 28. Qc5 (28. Nd5 $15) 28... Bf8 $17 29. Qd5 Be7 ({Don't blunder} 29... Qxb2 $2 30. Bc4 $18) 30. Bc4 Qe8 31. g4 Bc8 {...Rd7 is the strong threat.} 32. Kg2 Kg7 33. h4 Rc7 34. g5 Nb4 ({Better is} 34... Qf8 $11) 35. Qa5 $14 Rb7 {[#]} (35... Qc6 $1 $11 {remains equal.}) 36. gxf6+ (36. Nxe5 $1 $16 {[%mdl 512] Strongly threatening N5g4.} h5 (36... fxe5 37. Qxe5+) 37. gxh6+ Kxh6 38. Nf7+ Kg7 39. h5) 36... Bxf6 $11 37. Rd6 (37. h5 $11) 37... Qe7 $15 38. Rb6 {[#]} Rxb6 $1 39. Qxb6 h5 (39... Bb7 $17 40. Bd5 Nxd5 41. exd5 Bc8) 40. Qb8 $11 Qb7 41. Qd6 Qd7 42. Qxb4 {And now Kg1 would win.} Qh3+ 43. Kg1 {aiming for Be2.} Qxf3 44. Qc5 $1 {[%cal Rc5c8]} Bh3 45. Qc7+ {The position is equal.} Kh6 46. Qf7 $36 {[%mdl 2048] Threatens to win with Qf8+. White is more active.} Qf4 47. Nf5+ $1 Bxf5 48. Qxf6 {[%cal Rf6h8]} Qg4+ 49. Kh2 {[%cal Rf6h8]} Qh3+ 50. Kg1 {[%cal Rf6h8]} Qg4+ 51. Kh2 {[%cal Rf6h8]} Qh3+ {Precision: White = 72%, Black = 58%.} 1/2-1/2